000
00212 a2200097 4500
001
42709
100
_a
Herington
245
_a
Air war against Germany
260
_a
Australia
_b
Canberra
_c
090
_c
26601
_d
26601
942
_a
NUST-CAE
_c
M
_c
18449
999
_c
277782
_d
277782